000 00787cam a2200253 4500
999 _c4499
_d4499
001 3163773
003 OSt
005 20200110160924.0
008 690606s1969 nyua b 001 0 eng
010 _a 75076056
020 _a0471499005
040 _aDLC
_coclc
_dDLC
050 0 0 _aBF121
_b.K58
082 0 0 _a300.2465
_bKOL/I
100 _aKolasa, Blair J
_q(Blair John),
_d1926-
_91128
245 1 0 _aIntroduction to behavioral science for business /
_c Blair J. Kolasa
260 _aNew York,
_bWiley
_c[1969]
300 _axviii, 654 p.
_billus.
_c23 cm.
504 _aIncludes bibliographies.
650 0 _aPsychology.
650 0 _aSociology.
906 _a7
_bcbc
_corignew
_du
_encip
_f19
_gy-gencatlg
942 _2ddc
_cBK
_h300.2465
_iKOL/I
_k300.2465
_mKOL/I